| 000 | 00527nam a2200169 a 4500 | ||
|---|---|---|---|
| 001 | 5199 | ||
| 003 | CDMR | ||
| 005 | 20131121114555.0 | ||
| 008 | 130130s1964||||||||||||||||||||||||||||d | ||
| 040 |
_aCDMR _bcat _cCDMR |
||
| 245 | 0 |
_aManual de relaciones públicas _b: treinta y dos casos _cseleccionados, recogidos y editados por Nigel Ellis i Pat Bowman |
|
| 260 |
_aBarcelona _c1964 _bSagitario |
||
| 300 |
_a349 p ; _c22 cm |
||
| 650 | 0 | 4 |
_aRelacions públiques _92775 |
| 650 | 0 | 4 |
_aEmpreses _94331 _xEstudi de casos |
| 942 |
_cMON _2udc |
||
| 999 |
_c5199 _d5199 |
||